• 首页
  • 本馆介绍
  • 公告通知
  • 最新文献
  • 馆藏检索
  • 电子资源
  • 读者导购
  • 参考咨询
  • 我的图书馆
  • 登录
  • 详细信息显示
  • 放入我的书架
  • 预约/预借图书
  • 作者相关作品
  • 分类相关作品
  • 丛书相关作品
  • 出版社相关作品

书目信息

  • 表格格式
  • 工作单格式
  • 卡片格式
题名:
相图的边界理论及其应用
    
 
作者: 宋利珠 , 赵慕愚 著
分册:  
出版信息: 北京   科学出版社  2004
页数:
开本: 26cm
丛书名:
单 册:
中图分类: TG113.14
科图分类:
主题词: 物理冶金学 , 金属学
电子资源:
ISBN: 7-03-012011-6
000 00740nam0 2200217 450
001 0754114953
005 20070929150154.95
010    @a7-03-012011-6@b精装
100    @a20070929d km y0chiy0120 ea
101 0  @achi
200 1  @a相图的边界理论及其应用@Axiang tu de bian jie li lun ji qi ying yong@e相区及其边界构成相图的规律@f赵慕愚,宋利珠 著@Fzhao mu yu,song li zhu zhu
210    @a北京@c科学出版社@d2004
215    @c插图@d26cm
517 1  @a相区及其边界构成相图的规律@Axiang qu ji qi bian jie gou cheng xiang tu de gui lu
606 0  @a物理冶金学
606 0  @a金属学
690    @aTG113.14@v3
701  0 @a宋利珠@Asong li zhu@4著
701  0 @a赵慕愚@Azhao mu yu@4著
801  0 @aCN@bPFT@c20070929
905    @a213230@dTG113.14@eh6@f1
    
    相图的边界理论及其应用:相区及其边界构成相图的规律/赵慕愚,宋利珠 著.-北京:科学出版社,2004
    插图;26cm
    
    
    ISBN 7-03-012011-6(精装):
    
●
相关链接 在E读中查询图书 在五车中查询图书 在当当中查询图书 在豆瓣中查询图书


正题名:相图的边界理论及其应用     索取号:TG113.14/h6         预约/预借

序号 登录号 条形码 馆藏地/架位号 状态 备注
1 6002610   260026108   密集书库-化学系/ [索取号:TG113.14/h6] 在馆    
唐山师范学院图书馆 欢迎您!
大连网信软件有限公司© 版权所有